| 000 | 00525cam a22002171 4500 | ||
|---|---|---|---|
| 001 | sa 63004148 | ||
| 003 | DLC | ||
| 005 | 20260227111947.0 | ||
| 008 | 890703s1961 ii 000 0 maro | ||
| 010 | _asa 63004148 | ||
| 035 | _a(OCoLC)19958838 | ||
| 040 |
_aDLC _cWaU _dDLC |
||
| 042 | _apremarc | ||
| 050 | 0 | 0 |
_aPN37 _b.D4 |
| 100 | 1 |
_aDeśapāṇḍe, Vāmana Nārāyaṇa, _d1903-1975. |
|
| 245 | 1 | 0 | _aVimarśinī. |
| 260 | _c[1961] | ||
| 300 |
_a195 p. _c19 cm. |
||
| 500 | _aIn Marathi. | ||
| 650 | 0 | _aLiterature. | |
| 999 |
_c55492 _d55492 |
||